00315nam a2200133Ia 45000030006000000080041000060400015000471000017000622450025000792600042001043000006001465460012001520050017001640STCL150530s9999 xx 000 0 und d aSTCLcSTCL aAnju Agarwal aModern Zoology Vol-6 bRam Prasad and Sons; Agrac2008aAgra a0 aEnglish20220125170422.0